Photo Quiz: Musicians Named William, Will and Willie - Statistics

General Stats
  • This quiz has been taken 57 times
  • The average score is 5 of 16
Answer Stats
Picture Hint Answer % Correct
US Rap 1990's Onwards Will Smith
96%
US Country Willie Nelson
89%
US Cult Cover Artist (and Actor!) William Shatner
79%
US Rap (full stage name please) Will I Am
63%
US Hip-Hop 80's/90's (Please give full stage name) Flavor Flav (William Jonathan Drayton)
38%
US Soul 60's/70's/80's William 'Smokey' Robinson
34%
UK Pop Will Young
30%
US Blues (1915 - 1992) Willie Dixon
13%
US Blues (1898 - 1959) Blind Willie McTell
11%
UK Indie/Alt 80's/90's William Reid
11%
US Rock/New Wave 70's Willy Deville
11%
UK Dance Music Producer 80's/90's/00's William Orbit
9%
US Country 70's/80's (Full stage name please) Boxcar Willie
7%
US Stax Soul 1960's William Bell
4%
UK Classical 1902-1983 William Walton
4%
UK New Wave/Post Punk 80's Will Sergeant
4%
No matching quizzes found
Score Distribution
Percent of People with Each Score
Percentile by Number Answered
Your Score History
You have not taken this quiz